| 000 | 00421nam a2200157 a 4500 | ||
|---|---|---|---|
| 005 | 20210223120405.0 | ||
| 008 | 991125s1949 mx 000 0 spa u | ||
| 035 | _aUPN01000000048 | ||
| 049 | _aCG | ||
| 050 | 4 |
_aHG8045 _bQ8.5 |
|
| 245 | 0 | 0 | _a15 años de vida de la Nacional Financiera, S.A. |
| 260 |
_a[México] : _bNAFINSA, _c1949. |
||
| 300 | _a46 p. | ||
| 650 | 4 |
_aFINANZAS - _zMEXICO - _vESTADISTICA _920616 |
|
| 905 | _aLibro | ||
| 999 |
_c48 _d48 |
||